ՀՀ Գիտությունների ազգային ակադեմիայի հիմնարար գիտական գրադարան  =   Fundamental Scientific Library of NAS RA

Основныя проблемы соцiальной психологiи / (Record no. 330091)

MARC details
000 -LEADER
fixed length control field 00783nam a2200205 a 4500
001 - CONTROL NUMBER
control field 000996971
003 - CONTROL NUMBER IDENTIFIER
control field AM-YeHGA
005 - DATE AND TIME OF LATEST TRANSACTION
control field 20250617150408.0
008 - FIXED-LENGTH DATA ELEMENTS--GENERAL INFORMATION
fixed length control field 131217s1916 ||| r 000 0 rus d
040 ## - CATALOGING SOURCE
Original cataloging agency AM-YeHGA
041 1# - LANGUAGE CODE
Language code of text/sound track or separate title rus
Language code of original eng
090 ## - LOCALLY ASSIGNED LC-TYPE CALL NUMBER (OCLC); LOCAL CALL NUMBER (RLIN)
-- 331848
100 1# - MAIN ENTRY--PERSONAL NAME
Personal name Мак-Дауголл, У.
245 10 - TITLE STATEMENT
Title Основныя проблемы соцiальной психологiи /
Statement of responsibility, etc. У. Мак-Дауголл; Пер. съ 4-го англ. изд-я М. Н. Смирновой; Под ред. Н. Д. Виноградова.
260 ## - PUBLICATION, DISTRIBUTION, ETC.
Place of publication, distribution, etc. Москва :
Name of publisher, distributor, etc. Книгоизд. "Космос",
Date of publication, distribution, etc. 1916.
300 ## - PHYSICAL DESCRIPTION
Extent 282 с.
650 14 - SUBJECT ADDED ENTRY--TOPICAL TERM
Topical term or geographic name entry element Психология
700 1# - ADDED ENTRY--PERSONAL NAME
Personal name Смирнова, М. Н.
Relator term пер.
Relationship trl
700 1# - ADDED ENTRY--PERSONAL NAME
Personal name Виноградов, Н. Д.
Relator term ред.
Relationship edt
Holdings
Withdrawn status Lost status Source of classification or shelving scheme Damaged status Not for loan Collection Home library Current library Date acquired Total checkouts Full call number Barcode Date last seen Price effective from Koha item type Public note
    Universal Decimal Classification     Hambardzumyan Individual Collection Fundamental Scientific Library Fundamental Scientific Library 09/01/2017   Amb/1028 FL0277286 09/01/2017 09/01/2017 Գրքեր / Books ILL Non-Circ.


ՀՀ ԳԱԱ հիմնարար գիտական գրադարան
ՀՀ,Երևան 0019
Մարշալ Բաղրամյան 24/6
հեռախոս:(374-10) 52-47-50
Հետադարձ կապ

All site content, except where otherwise noted, is licensed under a
Creative Commons License